01101nab a22001937a 4500999001500000003000400015005001700019008004100036040000700077100003100084245011800115300001500233505041800248505007200666650002800738650001900766773010900785942001300894 c5804d5804OSt20260106211234.0190514b xxu||||| |||| 00| 0 spa d cPJ 96713aGortari Wirz, Emilia10aMediación familiar : bconstruir puentes en casos de sustracción internacional de NNA /cEmilia Gortari Wirz. ap. 160-174 aSumario: I. Introducción.— II. Aspectos relevantes de la sustracción internacional de NNA.— III. Características generales de la mediación familiar.— IV. Beneficios de la mediación en casos de sustracción internacional de NNA.— V. Desafíos de la mediación en casos de sustracción internacional de NNA.— VI. La situación en Argentina: el Proyecto Piloto.— VII. Palabras conclusivas. tSi te interesa el texto, comunicate a koha@justierradelfuego.gov.ar 09967aDERECHO DE FAMILIA 09269aMEDIACION0 0284493222dBuenos Aires : AbeledoPerrot, 1989-tDerecho de familia. N° 116 - Septiembre 2024z18511201 2udccANA